Alle Buchstaben des Alphabets (Alphabetisch) - Statistiken

Allgemein
  • Dieses Quiz wurde 2.019 mal gespielt
  • Das Durchschnittsergebnis liegt bei 25 aus 26
Antwortstatistiken
Antwort % Korrekt
A
99%
B
98%
D
98%
E
98%
F
98%
C
97%
G
97%
H
97%
I
97%
O
97%
Q
97%
W
97%
J
96%
K
96%
L
96%
M
96%
N
96%
P
96%
R
96%
S
96%
T
96%
U
96%
Z
96%
V
95%
X
95%
Y
95%
Keine übereinstimmenden Quizze gefunden
Verteilung der Resultate
Anzahl Personen mit jedem Resultat
Perzentil nach korrekt beantworteten Fragen
Ihre Resultats-Entwicklung
Sie haben dieses Quiz noch nicht gespielt